00878 2200325 4500001002100000005001500021008000500036020002200041035002400063041000800087082001200095084001800107100001900125245010200144260002900246300003900275504002600314650003800340700001800378850001200396990001600408990001600424990001600440990001600456990001600472990001600488990001600504990001600520990001600536YOGYA00000000009997520140823124851 ind a978-979-29-3073-3 0010-111300000000085 aInd a378.076 a378.076 Agu S aAGUS KAMALUDIN aCara kilat menembus SNMPTN IPS:bpersiapan tes tanpa les/cAgus Kamaludinv; editor, Westriningsih aYogyakarta:bAndi,c2012 ax, 362hlm.:bilus.;c23 cm.(3 eks) aBibliografi: hlm. 363 aPerguruan tinggi - Ujian,soal,dsb aWestriningsih aYOPDYOG a2976/B.2013 a2977/B.2013 a2978/B.2013 a2976/B.2013 a2977/B.2013 a2978/B.2013 a2978/B.2013 a2976/B.2013 a2977/B.2013